A history of Italian fascism / (Record no. 61686)
[ view plain ]
| 000 -LEADER | |
|---|---|
| fixed length control field | 01065nam a2200325 a 4500 |
| 001 - CONTROL NUMBER | |
| control field | 61686 |
| 003 - CONTROL NUMBER IDENTIFIER | |
| rucl marc code | BD-RjUL |
| 005 - DATE AND TIME OF LATEST TRANSACTION | |
| control field | 20211209081006.0 |
| 008 - FIXED-LENGTH DATA ELEMENTS--GENERAL INFORMATION | |
| fixed length control field | 170121s1963 enk b 000 0 eng d |
| 035 ## - SYSTEM CONTROL NUMBER | |
| System control number | (BD-RjUL)61810 |
| System control number | (OCoLC)01100982 |
| System control number | GLIS00451584 |
| 040 ## - CATALOGING SOURCE | |
| Transcribing agency | ISM |
| Modifying agency | SER |
| -- | m/c |
| Original cataloging agency | BD-RjUL |
| Language of cataloging | eng |
| 041 1# - LANGUAGE CODE | |
| Language code of text/sound track or separate title | engitafre |
| 082 ## - DEWEY DECIMAL CLASSIFICATION NUMBER | |
| Classification number | 320.5330945 |
| Author mark and year | CHH 1963 |
| 090 ## - LOCALLY ASSIGNED LC-TYPE CALL NUMBER (OCLC); LOCAL CALL NUMBER (OCLC) | |
| Classification number (OCLC) (R) ; Classification number, CALL (RLIN) (NR) | DG571 |
| Local cutter number (OCLC) ; Book number/undivided call number, CALL (RLIN) | .C428 |
| 099 ## - LOCAL FREE-TEXT CALL NUMBER (OCLC) | |
| Bangla Class number | DG571.C428 |
| 100 1# - MAIN ENTRY--PERSONAL NAME | |
| Personal name | Chabod, Federico. |
| 9 (RLIN) | 183722 |
| 245 12 - TITLE STATEMENT | |
| Title | A history of Italian fascism / |
| Statement of responsibility, etc. | Federico Chabod ; Translated from the Italian by Muriel Grindrod. |
| 260 ## - PUBLICATION, DISTRIBUTION, ETC. (IMPRINT) | |
| Place of publication, distribution, etc. | London: |
| Name of publisher, distributor, etc. | Weidenfeld and Nicolson, |
| Date of publication, distribution, etc. | c1963 |
| 300 ## - PHYSICAL DESCRIPTION | |
| Pagination | 192 p. ; |
| Size | 22 cm. |
| 500 ## - GENERAL NOTE | |
| General note | Translation of L'Italia contemporanea, originally published in French under title: L'Italie contemporaine. |
| 504 ## - BIBLIOGRAPHY, ETC. NOTE | |
| Bibliography, etc | Bibliography: p. [163]-183. |
| 650 #0 - SUBJECT ADDED ENTRY--TOPICAL TERM | |
| Topical term or geographic name as entry element | Fascism |
| Geographic subdivision | Italy. |
| 9 (RLIN) | 175379 |
| 651 #0 - SUBJECT ADDED ENTRY--GEOGRAPHIC NAME | |
| Geographic name | Italy |
| General subdivision | History |
| Chronological subdivision | 1914-1945. |
| 9 (RLIN) | 183723 |
| 700 ## - ADDED ENTRY--PERSONAL NAME | |
| Personal name | Grindrod, Muriel, translator |
| 942 ## - ADDED ENTRY ELEMENTS (KOHA) | |
| Source of classification or shelving scheme | Dewey Decimal Classification |
| Koha item type | Books |
| 949 ## - LOCAL PROCESSING INFORMATION (OCLC) | |
| a | MYGD |
| Lost status | Source of classification or shelving scheme | Damaged status | Not for loan | Collection code | Permanent Location | Current Location | Shelving location | Date acquired | Source of acquisition | Cost, normal purchase price | Total Checkouts | Full call number | Date last seen | Copy number | Koha item type |
|---|---|---|---|---|---|---|---|---|---|---|---|---|---|---|---|
| Dewey Decimal Classification | Not For Loan | Non-fiction | Central Library, University of Rajshahi | Central Library, University of Rajshahi | Reading Room | 25/02/1964 | Zeitlinger | 25.00 | 320.5330945 CHH 1963 | 21/01/2017 | C-1 | Books |